[Event "2nd Yerevan Open"]
[Site "?"]
[Date "2017.09.23"]
[Round "5.24"]
[White "Kursova, Maria"]
[Black "Nalbandian, Tigran"]
[Result "0-1"]
[WhiteElo "2280"]
[BlackElo "2455"]
[PlyCount "110"]
[EventDate "2017.??.??"]

1. d4 Nf6 2. Nf3 g6 3. c4 Bg7 4. g3 O-O 5. Bg2 d6 6. Nc3 c6 7. O-O Bf5 8. Ne1
Be6 9. d5 cxd5 10. cxd5 Bd7 11. Nd3 a5 12. e4 Na6 13. Bf4 Nb4 14. h3 Qc8 15.
Kh2 Qc4 16. Nc1 Nh5 17. Bg5 f6 18. Be3 f5 19. a3 f4 20. gxf4 Na6 21. Nd3 Rf7
22. Rc1 Raf8 23. b3 Qc7 24. Ne2 Qd8 25. Ng3 Nxf4 26. Nxf4 Rxf4 27. Bxf4 Rxf4
28. Ne2 Rf8 29. f4 Nc5 30. Rb1 Bb5 31. b4 Na4 32. Rb3 axb4 33. axb4 Qc7 34. Qd2
Qb6 35. Rff3 Bh6 36. Nd4 Bc4 37. Ra3 Bb5 38. Ne6 Rc8 39. Bf1 Bd7 40. Ra1 Bxe6
41. Rxa4 Bd7 42. Ra2 Qc7 43. Bd3 Qb6 44. Bf1 Qc7 45. Kg3 Bg7 46. b5 Qc5 47. Qe3
Qb4 48. Qe2 Bd4 49. e5 Bf5 50. h4 dxe5 51. fxe5 Rc3 52. Bg2 Rc1 53. Rf4 Qc3+
54. Qf3 Bxe5 55. Ra8+ Kg7 0-1

[Event "2nd Yerevan Open"]
[Site "?"]
[Date "2017.09.23"]
[Round "5.25"]
[White "Martirosyan, Garik"]
[Black "Bakunts, Rafael"]
[Result "1-0"]
[WhiteElo "2018"]
[BlackElo "2421"]
[PlyCount "81"]
[EventDate "2017.??.??"]

1. d4 d5 2. c4 c6 3. Nc3 Nf6 4. e3 e6 5. Nf3 Nbd7 6. Qc2 Bd6 7. g4 h6 8. Rg1 e5
9. Bd2 exd4 10. Nxd4 Ne5 11. f4 Nxc4 12. Bxc4 dxc4 13. h3 Nd5 14. Ne4 c3 15.
bxc3 Be7 16. O-O-O Qb6 17. Qb3 Qa6 18. c4 Nf6 19. Nxf6+ Bxf6 20. Bb4 Bd7 21.
Nf5 Bxf5 22. gxf5 c5 23. Bc3 O-O 24. Bxf6 Qxf6 25. Qb2 Qxb2+ 26. Kxb2 f6 27. e4
Rae8 28. Rge1 Re7 29. Rd5 b6 30. Kc3 Kh7 31. h4 g6 32. fxg6+ Kxg6 33. Kd3 Kf7
34. Ke3 Kg6 35. Kf3 h5 36. Rg1+ Kh6 37. Rf5 Ref7 38. Rd1 Kg6 39. Rd6 Re8 40.
Rg5+ Kh6 41. e5 1-0

[Event "2nd Yerevan Open"]
[Site "?"]
[Date "2017.09.23"]
[Round "5.26"]
[White "Barseghyan, Armen Ar"]
[Black "Chibukhchian, Artur"]
[Result "1-0"]
[WhiteElo "2020"]
[BlackElo "2417"]
[PlyCount "93"]
[EventDate "2017.??.??"]

1. d4 Nf6 2. Nf3 e6 3. g3 b5 4. Bg2 Bb7 5. O-O Be7 6. b3 O-O 7. c4 bxc4 8. bxc4
c5 9. e3 Qc7 10. Ba3 Re8 11. Nbd2 d6 12. dxc5 dxc5 13. Bb2 Nbd7 14. Qc2 Rab8
15. Bc3 h6 16. h3 Bd6 17. e4 e5 18. Rae1 Nf8 19. Nh4 Ne6 20. Nf5 Nd4 21. Qd1
Qd7 22. g4 Bc7 23. h4 Bc6 24. Bxd4 cxd4 25. g5 hxg5 26. hxg5 Nh7 27. Qg4 Ba5
28. Rd1 g6 29. Nh6+ Kg7 30. Qg3 Qe7 31. f4 exf4 32. Rxf4 Bxd2 33. Rxf7+ Qxf7
34. Nxf7 Be3+ 35. Kh1 Kxf7 36. Qc7+ Kg8 37. Qxc6 Nf8 38. Bh3 Re5 39. Qd6 Rbe8
40. Rf1 R5e7 41. Rxf8+ Kxf8 42. Bd7 Kg8 43. Bxe8 Rxe8 44. Qxg6+ Kf8 45. Qf6+
Kg8 46. g6 Rf8 47. Qe6+ 1-0

[Event "2nd Yerevan Open"]
[Site "?"]
[Date "2017.09.23"]
[Round "5.27"]
[White "Torosyan, Norayr"]
[Black "	Poghosyan, Suren"]
[Result "1/2-1/2"]
[WhiteElo "2404"]
[BlackElo "2256"]
[PlyCount "136"]
[EventDate "2017.??.??"]

1. e4 e6 2. d4 c5 3. Nf3 cxd4 4. Nxd4 Nf6 5. Nc3 Nc6 6. Nxc6 bxc6 7. e5 Nd5 8.
Ne4 Qc7 9. f4 Qb6 10. c4 Ne3 11. Qd3 Bb4+ 12. Bd2 Ba6 13. b3 O-O 14. Bxb4 Qxb4+
15. Kf2 Nd5 16. Kg3 f6 17. Qd2 fxe5 18. fxe5 Rf5 19. Qxb4 Nxb4 20. Nc5 Rxe5 21.
Nxd7 Rg5+ 22. Kh4 h6 23. Re1 Nc2 24. Re4 Rd8 25. Ne5 Rd1 26. Nf3 Rg6 27. g4 c5
28. Bg2 Rd6 29. Re2 Nd4 30. Nxd4 Rxd4 31. Be4 Rf6 32. Kg3 g5 33. Rhe1 Kf7 34.
h3 Ke7 35. Re3 Bc8 36. R3e2 Kd6 37. Re3 Rf4 38. R3e2 Bd7 39. Bg6 a5 40. a4 Rf6
41. Be4 Kc7 42. Kh2 Rd6 43. Kg3 Rf8 44. Kh2 Rb6 45. Bc2 Bc8 46. Kg3 Bb7 47. Rf2
Rxf2 48. Kxf2 Kd6 49. Ke3 Bg2 50. Rg1 Bc6 51. Rf1 Ke7 52. Rf2 Rb8 53. Bd1 Rd8
54. Bf3 Be8 55. Rf1 Rb8 56. Bd1 Bg6 57. Rf2 Rd8 58. Bc2 Be8 59. Rf1 Rb8 60. Rf2
Bc6 61. Bd1 Rf8 62. Bf3 Be8 63. Rd2 Bg6 64. Be4 Bxe4 65. Kxe4 Rf1 66. Rd3 Rh1
67. Rf3 Rb1 68. Rd3 Rh1 1/2-1/2

[Event "2nd Yerevan Open"]
[Site "?"]
[Date "2017.09.23"]
[Round "5.28"]
[White "Der Manuelian, Haik"]
[Black "Nugumanov, Bakhtiyar"]
[Result "1/2-1/2"]
[WhiteElo "2139"]
[BlackElo "2401"]
[PlyCount "94"]
[EventDate "2017.??.??"]

1. e4 c6 2. d4 d5 3. Nd2 dxe4 4. Nxe4 Nd7 5. Ng5 h6 6. Ne6 Qa5+ 7. Bd2 Qb6 8.
Nxf8 Nxf8 9. Bc3 Nf6 10. Nf3 Ng6 11. Bc4 Ne4 12. O-O O-O 13. Re1 Bf5 14. Rb1
Qc7 15. Bd3 Nxc3 16. bxc3 Bxd3 17. Qxd3 Rad8 18. c4 Rd7 19. Qa3 b6 20. Qe3 Rfd8
21. g3 e6 22. c3 c5 23. Rbc1 Rd6 24. Qe4 cxd4 25. cxd4 Rc6 26. Qe2 Rc8 27. Nd2
Ne7 28. Rcd1 Nf5 29. d5 exd5 30. cxd5 Rc2 31. Qg4 Nd6 32. Ne4 Rd8 33. Nxd6 Qxd6
34. Re2 Rc5 35. Red2 g6 36. Qe4 Rd7 37. Qe3 Kg7 38. Qd4+ Kh7 39. Qd3 h5 40. h4
Rdc7 41. Qf3 Kg7 42. Rd4 Rd7 43. R1d2 Qe5 44. d6 Rc2 45. Qd1 Rc6 46. Rd5 Qc3
47. Kg2 Qf6 1/2-1/2

[Event "2nd Yerevan Open"]
[Site "?"]
[Date "2017.09.23"]
[Round "5.29"]
[White "Bagaturov, Giorgi"]
[Black "Hakobyan, Hovhannes H"]
[Result "1-0"]
[WhiteElo "2400"]
[BlackElo "2242"]
[PlyCount "83"]
[EventDate "2017.??.??"]

1. d4 Nf6 2. Nf3 g6 3. c4 Bg7 4. Nc3 O-O 5. e4 d6 6. Be2 c5 7. d5 e6 8. O-O
exd5 9. cxd5 Re8 10. Nd2 Na6 11. f3 Nc7 12. a4 Rb8 13. Nc4 a6 14. Bg5 b5 15.
Na5 Bd7 16. axb5 Nxb5 17. Qd2 Nd4 18. Bxa6 Qc7 19. Ra3 Rb4 20. Bc4 Reb8 21. b3
Qc8 22. Kh1 Qf8 23. Re1 Nh5 24. f4 h6 25. Bh4 Nxf4 26. Qxf4 Nc2 27. Ra2 Rxc4
28. Nxc4 g5 29. Qxd6 Nxe1 30. Qxf8+ Kxf8 31. Bxe1 Rxb3 32. Rc2 Bd4 33. h3 f5
34. e5 Bc8 35. e6 Ba6 36. Na5 Ra3 37. Ra2 Rxa2 38. Nxa2 Ke7 39. Nc6+ Kd6 40.
Nxd4 cxd4 41. Nb4 Bc8 42. g3 1-0

[Event "2nd Yerevan Open"]
[Site "?"]
[Date "2017.09.23"]
[Round "5.30"]
[White "Tahbaz, Arash"]
[Black "Yeritsyan, Hayk"]
[Result "1-0"]
[WhiteElo "2381"]
[BlackElo "2078"]
[PlyCount "89"]
[EventDate "2017.??.??"]

1. d4 Nf6 2. c4 e6 3. Nf3 d5 4. g3 Be7 5. Bg2 O-O 6. O-O dxc4 7. Qc2 a6 8. a4
Bd7 9. Qxc4 Bc6 10. Bf4 Nbd7 11. a5 Nd5 12. Nc3 Nxf4 13. gxf4 Nf6 14. e3 Ne4
15. Ne5 Nd2 16. Nxc6 bxc6 17. Qxc6 Nxf1 18. Qxa8 Qxa8 19. Bxa8 Nxe3 20. Bb7 Nc2
21. Ra4 Nb4 22. Na2 Nxa2 23. Rxa2 Bb4 24. Ra4 Bd2 25. Kf1 Rb8 26. Bxa6 Ra8 27.
Ke2 Bxf4 28. Bb7 Ra7 29. Bc6 Bxh2 30. Rb4 Kf8 31. Rb8+ Ke7 32. Ra8 Rxa8 33.
Bxa8 c6 34. Bxc6 Bc7 35. b4 h5 36. Kd3 Kd8 37. Kc4 Kc8 38. Be8 e5 39. d5 h4 40.
Bxf7 Kd7 41. Be6+ Kd6 42. Kb5 g5 43. a6 Bb8 44. Kb6 e4 45. Kb7 1-0

[Event "2nd Yerevan Open"]
[Site "?"]
[Date "2017.09.23"]
[Round "5.31"]
[White "Mkrtchian, Lilit"]
[Black "Mesropian, Khachatur"]
[Result "1-0"]
[WhiteElo "2401"]
[BlackElo "1974"]
[PlyCount "89"]
[EventDate "2017.??.??"]

1. c4 Nf6 2. Nc3 d5 3. cxd5 Nxd5 4. g3 g6 5. Bg2 Nxc3 6. bxc3 Bg7 7. Rb1 Nd7 8.
Nf3 O-O 9. O-O c5 10. d4 Qa5 11. Qc2 e5 12. Nxe5 Nxe5 13. dxe5 Bf5 14. e4 Be6
15. f4 Qxa2 16. Qxa2 Bxa2 17. Rxb7 Rfb8 18. Rc7 a5 19. Ba3 a4 20. Ra1 Rb1+ 21.
Rxb1 Bxb1 22. Bf1 Ba2 23. Bb5 g5 24. Bc6 Rd8 25. Bxc5 gxf4 26. gxf4 Bh6 27.
Bxa4 Bxf4 28. Bd4 f6 29. Re7 fxe5 30. Bxe5 Bxe5 31. Rxe5 Rc8 32. Re8+ Rxe8 33.
Bxe8 Kg7 34. Bc6 Kg6 35. Bd5 Bb1 36. Kf2 Kg5 37. Ke3 Bc2 38. c4 Bb3 39. Kd3 h6
40. Kc3 Ba2 41. Kb4 Bb1 42. c5 Bd3 43. Ka5 Be2 44. Kb6 Bg4 45. Kb7 1-0

[Event "2nd Yerevan Open"]
[Site "?"]
[Date "2017.09.23"]
[Round "5.32"]
[White "Hayrapetyan, Artavazd R.	"]
[Black "Harutyunyan, Erik"]
[Result "1-0"]
[WhiteElo "2346"]
[BlackElo "2031"]
[PlyCount "57"]
[EventDate "2017.??.??"]

1. Nf3 Nf6 2. d4 e6 3. c4 b6 4. Nc3 Bb7 5. Bg5 Be7 6. e3 Ne4 7. Bf4 Nxc3 8.
bxc3 O-O 9. Bd3 d6 10. O-O c5 11. e4 Nc6 12. Qe2 Qc7 13. d5 Na5 14. e5 g6 15.
dxe6 fxe6 16. exd6 Bxd6 17. Bxd6 Qxd6 18. Ng5 e5 19. Rad1 Qf6 20. Qg4 Rfe8 21.
Be4 Bxe4 22. Nxe4 Qf4 23. Qxf4 exf4 24. Nf6+ Kf7 25. Nxe8 Rxe8 26. Rd7+ Re7 27.
Rxe7+ Kxe7 28. Re1+ Kf6 29. Re4 {...} 1-0

[Event "2nd Yerevan Open"]
[Site "?"]
[Date "2017.09.23"]
[Round "5.33"]
[White "Gevorgyan, David Sh"]
[Black "Rezanezhad, Hassan"]
[Result "1-0"]
[WhiteElo "2320"]
[BlackElo "1959"]
[PlyCount "75"]
[EventDate "2017.??.??"]

1. d4 Nf6 2. c4 g6 3. Nc3 Bg7 4. Nf3 d6 5. g3 O-O 6. Bg2 Nbd7 7. O-O e5 8. e4
c6 9. h3 Qb6 10. d5 c5 11. Ne1 Qb4 12. Nb5 Ne8 13. Bd2 Qxc4 14. a4 a6 15. Na3
Qd4 16. Qc2 Nb6 17. a5 Qa4 18. axb6 Qd7 19. f4 Qd8 20. Nc4 f6 21. fxe5 fxe5 22.
Rxf8+ Bxf8 23. Nf3 h6 24. Rf1 Nf6 25. Nh4 Kg7 26. Be3 Bd7 27. Qd2 Kh7 28. Qf2
Bg7 29. Nxd6 Qxb6 30. Nc4 Qb3 31. Nxe5 Bb5 32. Re1 Re8 33. Nhxg6 c4 34. Bd4 Nh5
35. Bc3 a5 36. Qf5 Nxg3 37. Nf8+ Kg8 38. Qf7+ 1-0

[Event "2nd Yerevan Open"]
[Site "?"]
[Date "2017.09.23"]
[Round "5.34"]
[White "Sargsyan, Anna M"]
[Black "Tiraturyan, David"]
[Result "1/2-1/2"]
[WhiteElo "2047"]
[BlackElo "2316"]
[PlyCount "71"]
[EventDate "2017.??.??"]

1. d4 d5 2. c4 dxc4 3. Nf3 a6 4. e3 Bg4 5. Bxc4 e6 6. h3 Bh5 7. O-O Nf6 8. b3
Nc6 9. Bb2 Bd6 10. Nbd2 O-O 11. Be2 Nd5 12. Nc4 b5 13. Ncd2 Bg6 14. g3 Nf6 15.
Nh4 Ne7 16. a4 Rb8 17. Nxg6 hxg6 18. axb5 axb5 19. Bf3 Bb4 20. Qe2 c5 21. Rfd1
Qb6 22. dxc5 Bxc5 23. Bxf6 gxf6 24. Ne4 Nd5 25. Qb2 Be7 26. Nc3 Nxc3 27. Qxc3
Rfd8 28. Rdc1 Rd7 29. h4 Qd8 30. Rd1 Rc8 31. Rxd7 Qxd7 32. Qxc8+ Qxc8 33. Ra8
Qxa8 34. Bxa8 f5 35. b4 Bxb4 36. Bc6 1/2-1/2

[Event "2nd Yerevan Open"]
[Site "?"]
[Date "2017.09.23"]
[Round "5.35"]
[White "Davtyan, Artur"]
[Black "Manukyan, Aleks"]
[Result "1-0"]
[WhiteElo "2303"]
[BlackElo "2003"]
[PlyCount "71"]
[EventDate "2017.??.??"]

1. d4 Nf6 2. c4 c5 3. d5 e6 4. Nc3 exd5 5. cxd5 d6 6. e4 g6 7. Nf3 Bg7 8. Bd3
O-O 9. O-O Bg4 10. h3 Bxf3 11. Qxf3 Nbd7 12. Qd1 a6 13. a4 Re8 14. Re1 Nh5 15.
Be3 Qh4 16. Qg4 Qe7 17. Qd1 Qh4 18. Qd2 Be5 19. Ne2 Qe7 20. g4 Nhf6 21. f4 Bd4
22. Nxd4 cxd4 23. Bxd4 Nc5 24. Bc2 Rac8 25. Rad1 b5 26. axb5 axb5 27. g5 Nh5
28. Qf2 Qd7 29. Re3 b4 30. Rde1 Qb5 31. b3 Nd7 32. Bd1 Ng7 33. Qb2 Nc5 34. Be2
Qd7 35. Bxg7 Nxe4 36. Bg4 1-0

[Event "2nd Yerevan Open"]
[Site "?"]
[Date "2017.09.23"]
[Round "5.36"]
[White "Sargissyan, Sargis"]
[Black "Khachikyan, Haik"]
[Result "1-0"]
[WhiteElo "2295"]
[BlackElo "1896"]
[PlyCount "109"]
[EventDate "2017.??.??"]

1. e4 c5 2. Ne2 d6 3. Nbc3 Nf6 4. d4 cxd4 5. Nxd4 a6 6. Be3 e5 7. Nb3 Be6 8.
Qd2 Nbd7 9. f3 Be7 10. O-O-O O-O 11. g4 b5 12. Rg1 Nb6 13. g5 Nfd7 14. Kb1 b4
15. Nd5 Bxd5 16. exd5 a5 17. Bb5 Qc7 18. Qd3 a4 19. Nd2 Ra5 20. Bxd7 Nxd7 21.
Rg4 Rb8 22. Nc4 Rab5 23. h4 Nc5 24. Bxc5 Rxc5 25. Ne3 b3 26. cxb3 axb3 27. a3
g6 28. Rb4 Rc8 29. Qxb3 Bf8 30. Ka2 Bg7 31. Rb7 Qa5 32. Rb8 h5 33. Qb7 Qd8 34.
Rxc8 Rxc8 35. Rd2 Rb8 36. Qa7 Ra8 37. Qb7 Rb8 38. Qa6 Rb6 39. Qa7 Rb5 40. Rc2
e4 41. fxe4 Qe8 42. Qa6 Kh7 43. Nc4 Rc5 44. Re2 Qd7 45. Nxd6 Rc1 46. e5 Qh3 47.
Re4 Qh1 48. Qe2 Ra1+ 49. Kb3 Rg1 50. Nc4 Rg2 51. Qd3 Qh2 52. d6 Rg3 53. Re3
Rxe3 54. Qxe3 Qh1 55. d7 1-0

[Event "2nd Yerevan Open"]
[Site "?"]
[Date "2017.09.23"]
[Round "5.37"]
[White "Muradyan, Robert"]
[Black "Dilanyan, Grigor"]
[Result "1/2-1/2"]
[WhiteElo "1846"]
[BlackElo "2282"]
[PlyCount "139"]
[EventDate "2017.??.??"]

1. d4 d5 2. Nf3 Nf6 3. c4 dxc4 4. e3 Bg4 5. Bxc4 e6 6. h3 Bh5 7. g4 Bg6 8. Ne5
Be4 9. f3 Bd5 10. Bxd5 Nxd5 11. Nc3 Nb6 12. Kf2 N8d7 13. f4 Nxe5 14. fxe5 h5
15. Kg2 hxg4 16. Qxg4 Qd7 17. Rf1 O-O-O 18. Ne4 Rh6 19. Qf3 Be7 20. a4 f6 21.
a5 Nd5 22. a6 fxe5 23. axb7+ Kxb7 24. dxe5 Qc6 25. Bd2 Rf8 26. Qe2 Rxf1 27.
Rxf1 Rh4 28. Rc1 Qb6 29. Nc3 Qc6 30. Ne4 Qa4 31. Nc3 Nxc3 32. Bxc3 Qe4+ 33. Kh2
Bc5 34. Re1 g5 35. Qg2 Qxg2+ 36. Kxg2 Bb4 37. Kf3 Bxc3 38. bxc3 Kc6 39. e4
Rxh3+ 40. Kg4 Rxc3 41. Kxg5 Kb7 42. Kf6 Rc6 43. Rb1+ Kc8 44. Ra1 a6 45. Ke7 Rb6
46. Ra5 Rc6 47. Ra1 Rb6 48. Ra5 Kb7 49. Kd7 Rb4 50. Kxe6 Kb6 51. Ra1 Rxe4 52.
Rb1+ Kc5 53. Rc1+ Kd4 54. Rd1+ Kc5 55. Rc1+ Kb6 56. Rb1+ Kc6 57. Rc1+ Kb7 58.
Rb1+ Kc8 59. Ra1 Rh4 60. Kf7 Rf4+ 61. Ke6 Rh4 62. Kf7 Rh7+ 63. Kg6 Re7 64. Kf6
Rh7 65. Kg6 Rh2 66. Rxa6 Kd7 67. e6+ Kd8 68. Rc6 Re2 69. Kf6 Rf2+ 70. Kg6
1/2-1/2

[Event "2nd Yerevan Open"]
[Site "?"]
[Date "2017.09.24"]
[Round "5.38"]
[White "Karatorossian, David"]
[Black "Marzoughi, Mohammadsadegh	"]
[Result "1-0"]
[WhiteElo "2250"]
[BlackElo "1954"]
[PlyCount "85"]

1. Nf3 d5 2. g3 c6 3. Bg2 Bf5 4. O-O h6 5. d3 e6 6. Nbd2 Nf6 7. Qe1 Be7 8. e4
Bh7 9. Qe2 O-O 10. b3 a5 11. a3 Na6 12. Bb2 Nc5 13. Ne5 Ncd7 14. Kh1 Nxe5 15.
Bxe5 Nd7 16. Bb2 Bf6 17. e5 Be7 18. f4 Qc7 19. g4 Rae8 20. Nf3 f5 21. gxf5 Bxf5
22. Nd4 Nc5 23. Rg1 Bd8 24. Raf1 Kh7 25. b4 axb4 26. axb4 Na4 27. Ba1 Qf7 28.
Nxf5 exf5 29. Bf3 Re6 30. c4 dxc4 31. dxc4 Be7 32. c5 b6 33. Qa2 b5 34. Bd1 Rg6
35. Qxf7 Rxf7 36. Rxg6 Kxg6 37. Bf3 Rf8 38. Bxc6 Rb8 39. Bd7 Kf7 40. Bxf5 g5
41. fxg5 Bxg5 42. Bd7+ Ke7 43. e6 1-0

[Event "2nd Yerevan Open"]
[Site "?"]
[Date "2017.09.23"]
[Round "5.39"]
[White "Matevosyan, Sedrak"]
[Black "Boyajyan, Hayk"]
[Result "0-1"]
[WhiteElo "2202"]
[BlackElo "1848"]
[PlyCount "86"]
[EventDate "2017.??.??"]

1. d4 Nf6 2. Nf3 g6 3. c4 Bg7 4. Nc3 O-O 5. g3 d6 6. Bg2 Nc6 7. O-O a6 8. d5
Na5 9. Nd2 c5 10. Qc2 Rb8 11. b3 b5 12. Bb2 bxc4 13. bxc4 Bh6 14. e3 Bf5 15.
Nce4 Nxe4 16. Bxe4 Bxe4 17. Nxe4 Nxc4 18. Qxc4 Rxb2 19. Qxa6 Qa8 20. Qc4 Rfb8
21. a3 Bg7 22. Rfd1 R2b3 23. Nd2 Rxa3 24. Rxa3 Qxa3 25. Qe4 Bf6 26. Nc4 Qb3 27.
Rc1 Rb4 28. Qc2 Qxc2 29. Rxc2 Rb1+ 30. Kg2 Rd1 31. e4 Bd4 32. f4 f6 33. Kf3
Rf1+ 34. Ke2 Rf2+ 35. Kd3 Rxc2 36. Kxc2 Bg1 37. g4 Bxh2 38. f5 h5 39. gxh5 gxh5
40. Kd3 Kh7 41. Ke2 Kh6 42. Na5 Kg5 43. Kf3 Be5 0-1

[Event "2nd Yerevan Open"]
[Site "?"]
[Date "2017.09.23"]
[Round "5.40"]
[White "Ghukasyan, Siranush"]
[Black "Khachatrian, Arbi"]
[Result "1-0"]
[WhiteElo "2218"]
[BlackElo "1889"]
[PlyCount "49"]
[EventDate "2017.??.??"]

1. e4 c5 2. Nf3 e6 3. d4 cxd4 4. Nxd4 Nc6 5. Nc3 Nf6 6. Be3 Bb4 7. Nxc6 Bxc3+
8. bxc3 bxc6 9. Bd3 d5 10. e5 Nd7 11. Qg4 Qa5 12. O-O g6 13. Qh4 Ba6 14. Rab1
h5 15. Rb4 Bxd3 16. cxd3 c5 17. Rb7 Rd8 18. Rfb1 Qxc3 19. Bg5 Rc8 20. Qa4 O-O
21. Qxd7 Qxe5 22. Bh6 Rcd8 23. Qe7 Rde8 24. Qxc5 Rb8 25. f4 1-0

[Event "2nd Yerevan Open"]
[Site "?"]
[Date "2017.09.23"]
[Round "5.41"]
[White "Manukyan, Sevak N"]
[Black "Babayan, Armine"]
[Result "0-1"]
[WhiteElo "1799"]
[BlackElo "2168"]
[PlyCount "92"]
[EventDate "2017.??.??"]

1. d4 Nf6 2. c4 e6 3. Nc3 Bb4 4. e3 Bxc3+ 5. bxc3 c5 6. Bd3 d6 7. Ne2 Nc6 8.
O-O e5 9. d5 Ne7 10. Ng3 h5 11. h3 h4 12. Ne4 Nxe4 13. Bxe4 f5 14. Bf3 e4 15.
Be2 O-O 16. f4 exf3 17. Bxf3 Ng6 18. e4 Ne5 19. exf5 Bxf5 20. Be2 Qe7 21. Bf4
Rae8 22. Qd2 Ng6 23. Rae1 Nxf4 24. Rxf4 Qg5 25. Qc1 Re5 26. Rf2 Bxh3 27. Qxg5
Rxg5 28. Ref1 Rxf2 29. Rxf2 Bd7 30. Kh2 Re5 31. Bf3 Re3 32. Re2 Rxe2 33. Bxe2
Kf7 34. Kg1 Kf6 35. Kf2 Ke5 36. Ke3 Bf5 37. Bf3 g5 38. a3 Bc2 39. Bg4 Be4 40.
Bh3 Bf5 41. g4 hxg3 42. Bg2 g4 43. Bf1 Bb1 44. Bg2 Ba2 45. Kd3 Kf4 46. Bh1 Bb1+
0-1

[Event "2nd Yerevan Open"]
[Site "?"]
[Date "2017.09.23"]
[Round "5.42"]
[White "Gaboyan, Susanna"]
[Black "Ghazaryan, Raffi"]
[Result "0-1"]
[WhiteElo "2166"]
[BlackElo "1833"]
[PlyCount "88"]
[EventDate "2017.??.??"]

1. d4 Nf6 2. c4 c5 3. d5 b5 4. cxb5 a6 5. b6 d6 6. Nc3 Nbd7 7. b7 Bxb7 8. e4 g6
9. Nf3 Bg7 10. Be2 O-O 11. O-O a5 12. Nd2 Nb6 13. a4 e6 14. dxe6 fxe6 15. Qb3
d5 16. Rd1 Kh8 17. Nf3 Qc7 18. Nb5 Qe7 19. e5 Ne4 20. Nc3 Nxc3 21. Qxc3 d4 22.
Qb3 Nd5 23. Bg5 Qc7 24. Rac1 Rab8 25. Qb5 Nf4 26. Nxd4 Qxe5 27. Qxc5 Nxe2+ 28.
Nxe2 Qxe2 29. Rd2 Qg4 30. f3 Bxf3 31. Rc4 Be2 32. Rc1 Rxb2 33. h3 Rxd2 34. Bxd2
Bd4+ 35. Kh1 Bxc5 36. hxg4 Rf1+ 37. Rxf1 Bxf1 38. Bxa5 Be2 39. g5 e5 40. Bd2
Kg8 41. Kh2 Bf2 42. a5 e4 43. g3 e3 44. Bb4 Bf1 0-1

[Event "2nd Yerevan Open"]
[Site "?"]
[Date "2017.09.23"]
[Round "5.43"]
[White "	Hakobyan, Hakob V"]
[Black "Rezanezhad, Mojtaba"]
[Result "1/2-1/2"]
[WhiteElo "2102"]
[BlackElo "1822"]
[PlyCount "120"]
[EventDate "2017.??.??"]

1. Nf3 Nf6 2. c4 g6 3. Nc3 d6 4. e4 Bg7 5. d4 O-O 6. Be2 Nbd7 7. O-O e5 8. Be3
Re8 9. d5 Nc5 10. Qc2 a5 11. Nd2 Bd7 12. b3 Ng4 13. Bxg4 Bxg4 14. a3 Na6 15.
Rab1 Bd7 16. b4 axb4 17. axb4 b6 18. Ne2 f5 19. f3 f4 20. Bf2 Bf8 21. Nc1 g5
22. Nd3 h5 23. Rfc1 g4 24. Kf1 g3 25. hxg3 fxg3 26. Bxg3 Qg5 27. Bf2 Bh6 28.
Ke2 Rf8 29. Rg1 Kh7 30. Nf1 Qf6 31. Be3 h4 32. Bxh6 Kxh6 33. Ne3 Qg5 34. Nf2
Rh8 35. Nf5+ Bxf5 36. exf5 Kg7 37. Ng4 Kf7 38. Ne3 Nb8 39. Ra1 Nd7 40. Qc3 Qf4
41. Rxa8 Rxa8 42. Ra1 Rg8 43. Rh1 e4 44. Rf1 Ne5 45. c5 exf3+ 46. gxf3 bxc5 47.
bxc5 Re8 48. Kd1 dxc5 49. Kc2 Nxf3 50. Qc4 Nd4+ 51. Kd1 Qxe3 52. d6+ Kf6 53. d7
Ra8 54. Qa6+ Rxa6 55. d8=Q+ Ke5 56. Qxc7+ Rd6 57. Qxc5+ Rd5 58. Qc7+ Rd6 59.
Qc5+ Rd5 60. Qc7+ Rd6 1/2-1/2

[Event "2nd Yerevan Open"]
[Site "?"]
[Date "2017.09.23"]
[Round "5.44"]
[White "Hakobyan, Romik"]
[Black "Davtyan, David Arm"]
[Result "1-0"]
[WhiteElo "1927"]
[BlackElo "2096"]
[PlyCount "115"]
[EventDate "2017.??.??"]

1. d4 Nf6 2. c4 e6 3. Nf3 b6 4. g3 Ba6 5. b3 Bb4+ 6. Bd2 Be7 7. Bg2 c6 8. O-O
d5 9. Ne5 Nfd7 10. Nxd7 Nxd7 11. Bc3 Nf6 12. Nd2 O-O 13. a4 Bb7 14. e4 dxe4 15.
Nxe4 Qc8 16. Qf3 Rb8 17. a5 c5 18. d5 Nxd5 19. a6 Ba8 20. Be5 Nf6 21. Qe2 Bxe4
22. Bxe4 Nxe4 23. Qxe4 Bf6 24. Bxb8 Bxa1 25. Bd6 Rd8 26. Rxa1 Rxd6 27. Qb7 Rd8
28. Qxa7 Qa8 29. Qxb6 h5 30. Qb7 Kf8 31. h4 Rb8 32. Qxa8 Rxa8 33. Ra5 g6 34.
Rxc5 Rxa6 35. b4 Ke7 36. Rc7+ Ke8 37. Kg2 Ra4 38. Rb7 Ra3 39. c5 Rc3 40. Rb8+
Kd7 41. Rb7+ Ke8 42. Kf1 Rc2 43. Ke1 e5 44. Kd1 Rc4 45. Kd2 e4 46. Ke3 f5 47.
Rb6 Rc3+ 48. Kd2 Rb3 49. Rxg6 Rb2+ 50. Ke1 Rb1+ 51. Ke2 Rb2+ 52. Kf1 Rb1+ 53.
Kg2 Rxb4 54. Rg5 Kd7 55. Rxf5 Ke6 56. Rxh5 Rb2 57. Kf1 Rc2 58. c6 1-0

[Event "2nd Yerevan Open"]
[Site "?"]
[Date "2017.09.23"]
[Round "5.45"]
[White "Santryan, Davit"]
[Black "Piliposyan, Gor"]
[Result "1-0"]
[WhiteElo "2085"]
[BlackElo "1464"]
[PlyCount "33"]
[EventDate "2017.??.??"]

1. d4 Nf6 2. Nf3 e6 3. c4 c5 4. d5 b5 5. Bg5 h6 6. Bxf6 gxf6 7. cxb5 f5 8. Nc3
a6 9. dxe6 fxe6 10. e4 fxe4 11. Nxe4 Bb7 12. Nfd2 Qh4 13. Qf3 Ra7 14. b6 Bxe4
15. bxa7 Bxf3 16. axb8=Q+ Ke7 17. Qe5 1-0

[Event "2nd Yerevan Open"]
[Site "?"]
[Date "2017.09.23"]
[Round "5.46"]
[White "Yeremyan, Alen"]
[Black "Yedigaryan, Asya"]
[Result "1-0"]
[WhiteElo "2060"]
[BlackElo "1499"]
[PlyCount "101"]
[EventDate "2017.??.??"]

1. e4 c5 2. Nc3 Nc6 3. g3 g6 4. Bg2 Bg7 5. d3 Nf6 6. Nge2 O-O 7. O-O d6 8. h3
a6 9. Be3 Bd7 10. d4 cxd4 11. Nxd4 Nxd4 12. Bxd4 Bc6 13. a4 a5 14. Qe2 Nd7 15.
Be3 Rc8 16. Rfd1 Qc7 17. f4 Rfd8 18. Qf2 b6 19. h4 Nc5 20. h5 Qb7 21. Re1 e6
22. Bd4 e5 23. fxe5 Bxe5 24. Bxe5 dxe5 25. h6 Qe7 26. Nd5 Bxd5 27. exd5 Qg5 28.
Rad1 Rd6 29. b3 Re8 30. b4 axb4 31. a5 Na4 32. Ra1 b5 33. Rab1 Rf6 34. Qe3
Qxe3+ 35. Rxe3 Ra6 36. Rxb4 Rxa5 37. c4 Nb6 38. c5 Nc4 39. Re1 Rc8 40. d6 Rd8
41. Bd5 Nxd6 42. cxd6 Rxd6 43. Rxe5 Kf8 44. Rbe4 Rd8 45. Bc6 Ra1+ 46. Kg2 f5
47. Re8+ Rxe8 48. Rxe8+ Kf7 49. Rh8 Ra2+ 50. Kh3 g5 51. Bd5+ 1-0

[Event "2nd Yerevan Open"]
[Site "?"]
[Date "2017.09.23"]
[Round "5.47"]
[White "Davtyan, Arsen"]
[Black "Nadanian, Ashot"]
[Result "0-1"]
[WhiteElo "1969"]
[BlackElo "2344"]
[PlyCount "70"]
[EventDate "2017.??.??"]

1. d4 c5 2. d5 f5 3. c4 g6 4. Nc3 Bg7 5. Qc2 Nf6 6. g3 O-O 7. Bg2 Na6 8. Nf3
Nc7 9. O-O d6 10. Rd1 h6 11. Nh4 Qe8 12. e4 fxe4 13. Bxe4 Nxe4 14. Qxe4 Rf6 15.
f4 Bd7 16. Qd3 b5 17. Re1 bxc4 18. Qxc4 Qf7 19. Be3 Rb8 20. b3 Rb4 21. Qe2 Nxd5
22. Nxd5 Qxd5 23. Rad1 Qb7 24. Qd3 Re4 25. Bf2 Rxe1+ 26. Rxe1 Bh3 27. Qe4 Qxe4
28. Rxe4 g5 29. Ng2 Kf7 30. Ra4 Re6 31. Rxa7 Re2 32. Ra4 Bd4 33. Rxd4 cxd4 34.
Ne1 e5 35. a4 e4 0-1

[Event "2nd Yerevan Open"]
[Site "?"]
[Date "2017.09.23"]
[Round "5.48"]
[White "	Khachatryan, David S"]
[Black "	Danielyan, Vahe"]
[Result "0-1"]
[WhiteElo "1916"]
[BlackElo "2331"]
[PlyCount "78"]
[EventDate "2017.??.??"]

1. c4 Nf6 2. Nc3 c6 3. d4 d5 4. Bg5 dxc4 5. a4 Nd5 6. e4 Nxc3 7. bxc3 Be6 8.
Ne2 g6 9. Qd2 Qa5 10. Be3 Bg7 11. Nf4 Bc8 12. Bxc4 Nd7 13. h4 e5 14. Ne2 Nb6
15. Bb3 Bg4 16. f3 Be6 17. Bxe6 fxe6 18. Qa2 O-O-O 19. Qxe6+ Kb8 20. O-O Qa6
21. Rfe1 Nc4 22. Bg5 Rc8 23. a5 h6 24. Be7 Rhe8 25. Qd7 Ka8 26. Ra4 Nb6 27.
axb6 Qxa4 28. d5 Bf8 29. Bxf8 Rxf8 30. d6 Qb5 31. bxa7 Rfd8 32. Qg7 Rxd6 33. c4
Qc5+ 34. Kh2 Rcd8 35. Rb1 R6d7 36. Qxg6 Qxc4 37. Ng3 Rg8 38. Qf6 Rdg7 39. Rd1
Rxg3 0-1

[Event "2nd Yerevan Open"]
[Site "?"]
[Date "2017.09.23"]
[Round "5.49"]
[White "Nalbandyan, Vahan"]
[Black "	Grigorian, Marine"]
[Result "1-0"]
[WhiteElo "1910"]
[BlackElo "2183"]
[PlyCount "79"]
[EventDate "2017.??.??"]

1. Nf3 Nf6 2. g3 d6 3. d4 g6 4. Bg2 Bg7 5. O-O O-O 6. c4 Nc6 7. d5 Na5 8. Nfd2
c5 9. Nc3 a6 10. a4 Bd7 11. e4 e5 12. Rb1 h5 13. b4 cxb4 14. Rxb4 Qc7 15. Qe2
Rfc8 16. Re1 h4 17. Bf1 hxg3 18. hxg3 Bh6 19. Nb3 Bxc1 20. Rxc1 Nxb3 21. Rxb3
Rab8 22. Qe3 Be8 23. Be2 Nd7 24. Kg2 Nc5 25. Ra3 Qe7 26. Rh1 f6 27. f4 Bd7 28.
fxe5 fxe5 29. Raa1 Nb3 30. Raf1 Qg7 31. Rh6 Rf8 32. Qg5 Be8 33. Rfh1 Nd4 34.
Qh4 g5 35. Qh3 Bg6 36. Rh8+ Kf7 37. Qd7+ Kf6 38. Qxd6+ Kf7 39. Rf1+ Bf5 40.
Rxf8+ 1-0